00359nam a2200133Ia 4500008004100000041000800041082001700049100001900066245004500085250001400130260004200144300003000186365000900216240624s9999 xx 000 0 und d aeng a658.4092 SWI aSWINDALL CLINT aENGAGED LEADERSHIP BUILDING A CULTURE TO a(2nd ed.) c2011aNew JerseybJohn Wiley and Sons avi, : 218 : p. : cm. ; 22 cb27